Cangrejos Xántidos asociados a formaciones rocosas en la zona sur del Pacífico colombiano (Registro nro. 15071)

Detalles MARC
000 -CABECERA
Campo de control 003370000a22001090004500
090 ## - CLASIFICACIÓN LOCAL
Colección AS
Consecutivo Seriadas
041 0# - IDIOMA
Código de idioma para texto/pista de sonido o título separado
100 1# - ASIENTO PRINCIPAL--NOMBRE PERSONAL
Nombre personal Prahl, Henry von
245 10 - MENCION DE TITULO
Título Cangrejos Xántidos asociados a formaciones rocosas en la zona sur del Pacífico colombiano
773 1# - Item fuente:
Título Cespedesia
Especificación de materiales 124
Descripción física 41-42
Paginas del Articulo 69-82
Lugar, editorial y fecha de publicación 1982
Información sobre la relación 11
942 ## - ELEMENTOS ADICIONALES (KOHA)
Tipo de ítem Artículo

No hay ítems disponibles.